El mercader de Venecia (Registro nro. 60628)

Detalles MARC
000 -ENCABEZADO
Número de control [NR] 02663nam a2200409Ia 4500
008 - DE LONGITUD FIJA DE DATOS DE ELEMENTOS - INFORMACIÓN GENERAL
Elementos de longitud fija [NR] 130821s2004 xx a gs spa
040 ## - FUENTE DE CATALOGACION [NR]
Agencia de catalogación original [NR] Co-BoUCM
Idioma de catalogación [NR] spa
041 00 - CODIGO DE IDIOMA [R]
Código de idioma para texto/pista de sonido o título separado [R] Español
092 ## - SIGNATURA TOPOGRAFICA LOCAL
Número de clasificación local DVD 0487
245 10 - MENCION DE TITULO [NR]
Título [NR] El mercader de Venecia
Mención de responsabilidad, etc. [NR] [DVD]
-- Michael Radford
260 ## - PUBLICACION, DISTRIBUCION, ETC. (PIE DE IMPRENTA) [R]
Lugar de publicación, distribución, etc. [R] [Lugar desconocido]
Nombre del editor, distribuidor, etc. [R] Sony Pictures Classics
Fecha de publicación, distribución, etc. [R] 2004
300 ## - DESCRIPCION FISICA [R]
Extensión [R] 1 DVD
Otros detalles físicos [NR] color, son
500 ## - NOTA GENERAL [R]
Nota general [NR] SINOPSIS : Enmarcada en la Venecia del siglo XVI, esta eterna comedia dramática de Shakespeare sigue el destino y la fortuna de un grupo de nobles cristianos y de su relación con el prestamista judío Shylock. Antonio (Jeremy Irons) acepta dinero prestado de Shylock (Al Pacino) para ayudar a su joven y arruinado amigo Bassanio (Joseph Fiennes) a conquistar la mano de la bella Porcia (Lynn Collins). Enojado por los insultos que le profiere Antonio, Shylock deja muy claras las condiciones que se deberán cumplir en caso de que aquél se demore en el pago del préstamo. Cuando los negocios de ultramar de Antonio se van al traste por culpa de una tormenta, Shylock se enfurece todavía más pues su hija se ha fugado con el noble Lorenzo (Charlie Cox). Al no devolvérsele el préstamo, Shylock reclama que se le resarza con una libra de carne del propio Antonio. Cuando, con desespero, Bassanio trata de evitar este destino reservado a su amigo, sobreviene la ayuda milagrosa de alguien inesperado.
508 ## - NOTA DE CREDITOS DE CREACION/PRODUCCION [R]
Nota de créditos de creación/producción [NR] CREDITOS : Director, Michael Radford; Guión, Michael Radford (Obra: William Shakespeare); Música, Jocelyn Pook; Fotografía, Benoit Delhomme.
511 ## - NOTA DE PARTICIPANTE O INTERPRETE [R]
Nota de participante o intérprete [NR] Al Pacino, Jeremy Irons, Joseph Fiennes, Lynn Collins, Zuleikha Robinson, Kris Marshall, Charlie Cox, Mackenzie Crook, Ben Whishaw.
546 ## - NOTA DE IDIOMA [R]
Nota de idioma [NR] Audio en Inglés y Español. Subtítulos en Español.
650 04 - ASIENTO SECUNDARIO DE MATERIA - TERMINO TEMATICO [R]
Término temático o nombre geográfico como elemento de entrada [NR] Amor en el cine
Subdivisión de forma [R] DVD
9 (RLIN) 8920
650 04 - ASIENTO SECUNDARIO DE MATERIA - TERMINO TEMATICO [R]
Término temático o nombre geográfico como elemento de entrada [NR] Entretenimiento
9 (RLIN) 26487
650 04 - ASIENTO SECUNDARIO DE MATERIA - TERMINO TEMATICO [R]
Término temático o nombre geográfico como elemento de entrada [NR] Literatura europea
9 (RLIN) 26524
650 04 - ASIENTO SECUNDARIO DE MATERIA - TERMINO TEMATICO [R]
Término temático o nombre geográfico como elemento de entrada [NR] Películas cinematográficas
Subdivisión de forma [R] DVD
-- Versiones cinematográficas
-- DVD
650 04 - ASIENTO SECUNDARIO DE MATERIA - TERMINO TEMATICO [R]
Término temático o nombre geográfico como elemento de entrada [NR] Películas cinematográficas
Subdivisión geográfica [R] Gran Bretaña
Subdivisión de forma [R] DVD
9 (RLIN) 7903
700 1# - ASIENTO SECUNDARIO - NOMBRE PERSONAL [R]
Nombre personal [NR] Radford, Michael
Fechas asociadas con el nombre [NR] 1946-
Término de relación [R]
700 1# - ASIENTO SECUNDARIO - NOMBRE PERSONAL [R]
Nombre personal [NR] Shakespeare, William
Fechas asociadas con el nombre [NR] 1564-1616
710 2# - ASIENTO SECUNDARIO - NOMBRE CORPORATIVO [R]
Nombre corporativo o de jurisdicción como elemento de entrada [NR] Arclight Films
710 2# - ASIENTO SECUNDARIO - NOMBRE CORPORATIVO [R]
Nombre corporativo o de jurisdicción como elemento de entrada [NR] Avenue Pictures
710 2# - ASIENTO SECUNDARIO - NOMBRE CORPORATIVO [R]
Nombre corporativo o de jurisdicción como elemento de entrada [NR] Dania Film
710 2# - ASIENTO SECUNDARIO - NOMBRE CORPORATIVO [R]
Nombre corporativo o de jurisdicción como elemento de entrada [NR] De Luxe Production
710 2# - ASIENTO SECUNDARIO - NOMBRE CORPORATIVO [R]
Nombre corporativo o de jurisdicción como elemento de entrada [NR] Immagine e Cinema
710 2# - ASIENTO SECUNDARIO - NOMBRE CORPORATIVO [R]
Nombre corporativo o de jurisdicción como elemento de entrada [NR] Istituto Luce
710 2# - ASIENTO SECUNDARIO - NOMBRE CORPORATIVO [R]
Nombre corporativo o de jurisdicción como elemento de entrada [NR] Movievision Entertainment
710 2# - ASIENTO SECUNDARIO - NOMBRE CORPORATIVO [R]
Nombre corporativo o de jurisdicción como elemento de entrada [NR] Navidi Wilde Productions
710 2# - ASIENTO SECUNDARIO - NOMBRE CORPORATIVO [R]
Nombre corporativo o de jurisdicción como elemento de entrada [NR] Sony Pictures Classics
710 2# - ASIENTO SECUNDARIO - NOMBRE CORPORATIVO [R]
Nombre corporativo o de jurisdicción como elemento de entrada [NR] Spice Factory
765 ## - ASIENTO DE IDIOMA ORIGINAL [R]
Título [NR] William Shakespeare's The Merchant of Venice
856 04 - LOCALIZACION Y ACCESO ELECTRONICOS [R]
Identificador Uniforme del Recurso (“URI”) [R] <a href="http://www.youtube.com/watch?v=2r2tNghypxg">http://www.youtube.com/watch?v=2r2tNghypxg</a>
Nota dirigida al público [R] Siga este vínculo para ver el trailer.
942 ## - ELEMENTOS DE ENTRADA AGREGADOS (KOHA)
Tipo de ítem principal el descrito en 300a Multimedia
Sistema de clasificación LOCAL
Tema principal Literatura
Edición 1
Existencias
Fecha de último préstamo Total préstamos Total Renewals Código de barras Última vez visto Volúmen / Fascículo Ejemplar Price effective from Tipo de ítem Perdido Sistema de clasificación Dañado No prestable Tipo de ítem específico Suprimido Ubicación habitual Ubicación actual Localización Fecha de creación Forma de adquisición Costo
07/05/2012     100098804 09/12/2025 DVD 0487 Ej.1 03/02/2013 Multimedia   LOCAL   Préstamo restringido DVD   Procesos Técnicos Procesos Técnicos (no para préstamo) Procesos Técnicos 19/02/2013 Compra 110000.00
07/11/2023 136 23 100100384 12/12/2025 DVD 0487 Ej.2 03/02/2013 Multimedia   DEWEY     DVD   Quinta de Mutis Quinta de Mutis Colección digital 19/02/2013 Donación 26000.00